Practical rubber compounding and processing (Record no. 36723)

MARC details
000 -LEADER
fixed length control field 00363nam a2200133Ia 4500
082 ## - DEWEY DECIMAL CLASSIFICATION NUMBER
Classification number NR:62:678.023
Item number EVA;1
100 ## - MAIN ENTRY--AUTHOR NAME
Personal name Evans, Colin W
245 #0 - TITLE STATEMENT
Title Practical rubber compounding and processing
260 ## - PUBLICATION, DISTRIBUTION, ETC. (IMPRINT)
Place of publication London
Name of publisher Applied
Year of publication 1981
650 ## - SUBJECT ADDED ENTRY--TOPICAL TERM
Topical Term Rubber compounding
650 ## - SUBJECT ADDED ENTRY--TOPICAL TERM
Topical Term Rubber ingredients
942 ## - ADDED ENTRY ELEMENTS (KOHA)
Koha item type Books
Holdings
Withdrawn status Lost status Damaged status Not for loan Home library Current library Date acquired Cost, normal purchase price Full call number Accession Number Koha item type
        RRII Library RRII Library 16/12/2021 17.00 NR:62:678.023 EVA;1 17124 Books